| 000 | 00867cam a2200205 4500 | ||
|---|---|---|---|
| 001 | WS105112 | ||
| 008 | 000000n 000 0 eng u | ||
| 035 | _a(Sirsi) u105112 | ||
| 110 | 3 |
_aInternational Conference of Building Officials _93851 |
|
| 245 | _aInternational Conference of Building Officials | ||
| 520 | _aSite for this international organisation dedicated to public safety in the built environment and in particular the promotion of the Uniform Building Code. Includes a link to their journal Building Standards Online. | ||
| 650 | _aSAFETY | ||
| 650 | _aCONSTRUCTION SAFETY | ||
| 650 | 0 | _aUNIFORM BUILDING CODE | |
| 650 | 0 | _aBUILDING STANDARDS ONLINE | |
| 650 | 0 | _aINTERNATIONAL BUILDING CODE | |
| 690 | _aBUILT ENVIRONMENT-BUILDING STANDARDS | ||
| 856 | 4 | 0 |
_uhttps://www.icbo.org/ _zView the website free of charge at www.icbo.org/... |
| 942 | _n0 | ||
| 999 |
_c119456 _d119456 |
||